000 00389nam a2200157Ia 4500
008 221030s9999 xx 000 0 und d
020 _a8125901582
041 _aEnglish
082 _a105.23
_bRan
100 _aS. Rangnekar
245 0 _aIn The World Of Corporate Managers
_cby S. Rangnekar
260 _bVikas Pub.
_aNew Delhi
_c1996
300 _a230
650 _aGeneral
942 _cBK
999 _c7366
_d7366